<?xml version="1.0" encoding="UTF-8"?>
<collection xmlns="http://www.loc.gov/MARC21/slim">
<record>
  <controlfield tag="001">111394</controlfield>
  <controlfield tag="005">20220309093117.0</controlfield>
  <datafield tag="037" ind1=" " ind2=" ">
    <subfield code="a">TAZ-TFG-2020-825</subfield>
  </datafield>
  <datafield tag="041" ind1=" " ind2=" ">
    <subfield code="a">spa</subfield>
  </datafield>
  <datafield tag="100" ind1="1" ind2=" ">
    <subfield code="a">Bureba Herrando, Sara</subfield>
  </datafield>
  <datafield tag="242" ind1="0" ind2="0">
    <subfield code="a">Hemihypertrophy. Beckwith Wiedemann Syndrome. A case report.</subfield>
  </datafield>
  <datafield tag="245" ind1="0" ind2="0">
    <subfield code="a">Hemihipertrofia. Síndrome de Beckwith Wiedemann. A propósito de un caso.</subfield>
  </datafield>
  <datafield tag="260" ind1=" " ind2=" ">
    <subfield code="a">Zaragoza</subfield>
    <subfield code="b">Universidad de Zaragoza</subfield>
    <subfield code="c">2020</subfield>
  </datafield>
  <datafield tag="506" ind1=" " ind2=" ">
    <subfield code="a">by-nc-sa</subfield>
    <subfield code="b">Creative Commons</subfield>
    <subfield code="c">3.0</subfield>
    <subfield code="u">http://creativecommons.org/licenses/by-nc-sa/3.0/</subfield>
  </datafield>
  <datafield tag="520" ind1=" " ind2=" ">
    <subfield code="a">La hemihipertrofia se define como un crecimiento significativo de una parte del cuerpo con respecto al lado contralateral. El punto clave en todo paciente con hemihipertrofia es el incremento del riesgo de desarrollo de tumores en la infancia. &lt;br />Existen diversas patologías que pueden constituir el origen de la hemihipertrofia, siendo la etiología más frecuente los síndromes genéticos dismórficos. &lt;br />El síndrome de Beckwith Wiedemann (SBW) es el síndrome de sobrecrecimiento más común que asocia hemihipertrofia. Presenta una clínica muy heterogénea, siendo características clásicas, macrosomía, macroglosia y defectos de la pared abdominal. Otros hallazgos clínicos que apoyan el diagnóstico pueden ser hipoglucemia, hemihipertrofia, anomalías del pabellón auricular y visceromegalia.&lt;br />Algunas de estas manifestaciones pueden reconocerse en el período prenatal, lo cual ayuda a los profesionales a estar alerta y prevenir complicaciones en el neonato. &lt;br />El síndrome, aunque en la mayoría de los casos es esporádico, también puede ser heredado, y se debe a alteraciones genéticas y epigenéticas de la región 11p15, en las que se incluyen mutaciones, defectos en la metilación y modificaciones cromosómicas.&lt;br />La complejidad de su base genética hace necesario un estudio genético. El conocimiento del subgrupo molecular es de gran relevancia en el manejo del paciente, ya que permite establecer el riesgo de malignidad y la asociación a determinadas características clínicas. &lt;br />El estudio genético debe realizarse también a pacientes que presentan hemihipertrofia de forma aislada; se ha observado que tienen defectos moleculares y constituye una forma fenotípica de la enfermedad. &lt;br />Los pacientes con SBW tienen una mayor predisposición al desarrollo de tumores embrionarios, principalmente Tumor de Wilms y hepatoblastoma y por ello, son necesarias estrategias de vigilancia basadas en la realización de ecografías abdominales periódicas para la detección precoz de los mismos. &lt;br />Es fundamental el seguimiento de los pacientes con hemihipertrofia aislada y SBW, además de una valoración multidisplinar, para el tratamiento y control adecuado de la patología, así como para el asesoramiento genético.&lt;br />&lt;br /></subfield>
  </datafield>
  <datafield tag="521" ind1=" " ind2=" ">
    <subfield code="a">Graduado en Medicina</subfield>
  </datafield>
  <datafield tag="540" ind1=" " ind2=" ">
    <subfield code="a">Derechos regulados por licencia Creative Commons</subfield>
  </datafield>
  <datafield tag="700" ind1=" " ind2=" ">
    <subfield code="a">Infante Force, Begoña</subfield>
    <subfield code="e">dir.</subfield>
  </datafield>
  <datafield tag="700" ind1=" " ind2=" ">
    <subfield code="a">Cenarro Guerrero, Teresa</subfield>
    <subfield code="e">dir.</subfield>
  </datafield>
  <datafield tag="710" ind1="2" ind2=" ">
    <subfield code="a">Universidad de Zaragoza</subfield>
    <subfield code="b">Anatomía e Histología Humanas</subfield>
    <subfield code="c">Anatomía y Embriología Humana</subfield>
  </datafield>
  <datafield tag="856" ind1="0" ind2=" ">
    <subfield code="f">699603@unizar.es</subfield>
  </datafield>
  <datafield tag="856" ind1="4" ind2=" ">
    <subfield code="s">560710</subfield>
    <subfield code="u">http://zaguan.unizar.es/record/111394/files/TAZ-TFG-2020-825.pdf</subfield>
    <subfield code="y">Memoria (spa)</subfield>
  </datafield>
  <datafield tag="909" ind1="C" ind2="O">
    <subfield code="o">oai:zaguan.unizar.es:111394</subfield>
    <subfield code="p">driver</subfield>
    <subfield code="p">trabajos-fin-grado</subfield>
  </datafield>
  <datafield tag="950" ind1=" " ind2=" ">
    <subfield code="a"></subfield>
  </datafield>
  <datafield tag="980" ind1=" " ind2=" ">
    <subfield code="a">TAZ</subfield>
    <subfield code="b">TFG</subfield>
    <subfield code="c">MED</subfield>
  </datafield>
  <datafield tag="999" ind1=" " ind2=" ">
    <subfield code="a">20200529125648.CREATION_DATE</subfield>
  </datafield>
  <datafield tag="951" ind1=" " ind2=" ">
    <subfield code="a">deposita:2022-03-09</subfield>
  </datafield>
</record>
</collection>